Las subvenciones a la industria en España: una aplicación de la Teoría de los Grupos de Presión

Gespeichert in:
Bibliographische Detailangaben
1. Verfasser: Simón Fernández, Blanca (VerfasserIn)
Format: Buch
Sprache:Spanisch
Veröffentlicht: Madrid Consejo Económico y Social 1997
Ausgabe:1a. ed
Schriftenreihe:Colección Estudios, 40
Schlagworte:
Tags: Tag hinzufügen
Keine Tags, Fügen Sie den ersten Tag hinzu!

MARC

LEADER 00000nam a2200000 a 4500
001 UCK3833
003 CL-VaPUC
008 050513e19970500SP |||||||||||||||||spa|d
020 |a 8481880477 
082 0 4 |a 338.922  |b SIM  |2 21 
100 0 |a Simón Fernández, Blanca  |e author  |9 492174 
245 1 4 |a Las subvenciones a la industria en España: una aplicación de la Teoría de los Grupos de Presión 
250 |a 1a. ed 
300 |a 370 p 
942 |c BK 
945 |d 20050513 00:00:00  |a cmena 
260 |a Madrid  |b Consejo Económico y Social  |c 1997 
650 7 |a ECONOMIA DE LA PRODUCCION  |2 CL-VaPUC  |9 492175 
650 7 |a SUBSIDIOS  |2 CL-VaPUC  |9 349046 
650 0 |a Estado y economía  |9 383167 
650 0 |a Industrias   |9 263688 
651 0 |a España  |9 254926 
583 |a last modification  |c 20050513 00:00:00  |k Rodrigo Vera 
490 0 |a Colección Estudios, 40 
999 |c 312885  |d 312883 
952 |0 0  |1 0  |4 0  |6 338_922000000000000_SIM_1997  |7 0  |8 A  |9 383731  |a BIBGIM  |b BIBGIM  |d 2019-11-22  |i 4100123  |o 338.922 SIM 1997  |p 4100123  |r 2025-01-15  |w 2019-11-22  |y BK  |k GIM